000 00749nam a2200217Ia 4500
003 IN-BaIIA
008 211028s9999 xx s 000 0 eng d
020 _a978-2-7598-0752-9 (Online)
022 _a1633-4760 (Print)
022 _a1638-1963 (Online)
040 _cIIA Library
100 _aFaurobert, M., ed.
_938223
245 0 _a4th French-Chinese Meeting on Solar Physics - Understanding Solar Activity: Advances and Challenges
_h[eBook]
260 _aFrance
_bEDP Sciences
_c2012
300 _a395p.
490 _aEAS Publications Series
700 _aCorbard, T.
_938224
700 _aFang, C.
_938225
856 _uhttps://www.eas-journal.org/articles/eas/abs/2012/03/contents/contents.html
_yClick Here to Access eBook
942 _cEB
999 _c20649
_d20649